| 000 | nam a22 7a 4500 | ||
|---|---|---|---|
| 999 |
_c126880 _d126880 |
||
| 008 | 170904b xxu||||| |||| 00| 0 eng d | ||
| 050 | _aGF758.C54 1991 | ||
| 100 |
_aSpitzer, Robert _935558 |
||
| 245 |
_aThe soul's upward yearning _bClues to our transcendent nature from experience and reason _c/ Robert Spitzer |
||
| 260 |
_aSan Francisco _bIgnatius Press _c1991 |
||
| 300 |
_a543p. ; _c23cm. _bv. 2 |
||
| 440 |
_aHappiness, suffering and transcendence _nn. 2 _935559 |
||
| 650 |
_aNature _xEffect and human being _zSouth Africa _935560 |
||
| 650 |
_aSoil erosion _xSouth Africa _935561 |
||
| 650 |
_aGreen house effect, atmospheric _xSouth Africa _935562 |
||
| 650 |
_aPollution _xSouth Africa _935563 |
||
| 650 |
_aDeforestation _xSouth Africa _935564 |
||
| 942 |
_2lcc _cMONOGRAPH |
||